Library Banner

Haza ud Din/ (Record no. 93422)

MARC details
000 -LEADER
fixed length control field 00367nam a22001457a 4500
005 - DATE AND TIME OF LATEST TRANSACTION
control field 20170511151505.0
008 - FIXED-LENGTH DATA ELEMENTS--GENERAL INFORMATION
fixed length control field 170511b xxu||||| |||| 00| 0 eng d
040 ## - CATALOGING SOURCE
Transcribing agency PK-LaUMT
082 ## - DEWEY DECIMAL CLASSIFICATION NUMBER
Classification number ZIAC 297.01
Item number QUT-H
100 ## - MAIN ENTRY--PERSONAL NAME
Personal name Qutab , Sayyed
245 ## - TITLE STATEMENT
Title Haza ud Din/
Statement of responsibility, etc Sayyed Qutab
260 ## - PUBLICATION, DISTRIBUTION, ETC. (IMPRINT)
Place of publication, distribution, etc بیروت:
Name of publisher, distributor, etc دارالشروق،
Date of publication, distribution, etc [ ]
300 ## - PHYSICAL DESCRIPTION
Extent 96 ص
942 ## - ADDED ENTRY ELEMENTS (KOHA)
Koha item type Books
Holdings
Withdrawn status Lost status Damaged status Home library Current library Date acquired Full call number Barcode Date last seen Price effective from Koha item type
      UMT Main Campus UMT Main Campus 2017-05-11 ZIAC 297.01 QUT-H 108720 2017-05-11 2017-05-11 Books